[Event "V Campeonato de España de Ajedrez por E"]
[Site "Gran Hotel Bali, Benidorm"]
[Date "2012.12.06"]
[Round "1"]
[White "Bru Rullo, Llatzer"]
[Black "Sanchez Merino, Christian"]
[Result "1-0"]
[WhiteElo "2073"]
[BlackElo "1698"]
[PlyCount "37"]
[EventDate "2012.12.06"]
[EventType "team"]
[EventRounds "6"]
[EventCountry "ESP"]
[WhiteTeam "C. PENYA ESCACS CERDANYOLA"]
[BlackTeam "C.A. GROS XAKE TALDEA"]

1. e4 c5 2. Nf3 e6 3. c3 Nc6 4. d4 cxd4 5. cxd4 Bb4+ 6. Nc3 Nf6 7. Bd3 Qb6 8.
Bc2 e5 9. dxe5 Ng4 10. O-O Bc5 11. Qe2 Bxf2+ 12. Rxf2 Qxf2+ 13. Qxf2 Nxf2 14.
Kxf2 O-O 15. Be3 b6 16. Rd1 f6 17. exf6 gxf6 18. Bh6 Re8 19. Nd5 1-0

[Event "V Campeonato de España de Ajedrez por E"]
[Site "Gran Hotel Bali, Benidorm"]
[Date "2012.12.06"]
[Round "1"]
[White "Elduayen Echave, Ramon"]
[Black "Garcia Acosta, Roger"]
[Result "1/2-1/2"]
[WhiteElo "1673"]
[BlackElo "1982"]
[PlyCount "87"]
[EventDate "2012.12.06"]
[EventType "team"]
[EventRounds "6"]
[EventCountry "ESP"]
[WhiteTeam "C.A. GROS XAKE TALDEA"]
[BlackTeam "C. PENYA ESCACS CERDANYOLA"]

1. e4 e5 2. Nf3 Nc6 3. Bb5 a6 4. Ba4 Nf6 5. d3 b5 6. Bb3 Be7 7. O-O d6 8. c3
O-O 9. Nbd2 Na5 10. Bc2 c5 11. Re1 Qc7 12. Nf1 Nc6 13. Ne3 Re8 14. Bb3 Na5 15.
Nd5 Nxd5 16. Bxd5 Bb7 17. Bxb7 Nxb7 18. Ng5 h6 19. Nh3 Rad8 20. Qg4 Qd7 21.
Qxd7 Rxd7 22. b3 d5 23. Be3 dxe4 24. dxe4 c4 25. b4 Rd3 26. Rac1 Red8 27. f3
Kf8 28. Nf2 Rxe3 29. Rxe3 Bg5 30. Ree1 Bxc1 31. Rxc1 Rd2 32. Ng4 f6 33. Ne3
Rxa2 34. Rd1 Ke8 35. Nf5 g6 36. Nxh6 Rc2 37. Ng4 Ke7 38. Ne3 Ra2 39. Nd5+ Ke6
40. Nc7+ Ke7 41. Nd5+ Ke6 42. Nc7+ Ke7 43. Nd5+ Ke6 44. Nb6 1/2-1/2

[Event "V Campeonato de España de Ajedrez por E"]
[Site "Gran Hotel Bali, Benidorm"]
[Date "2012.12.06"]
[Round "1"]
[White "Garcia Playa, David"]
[Black "Abalia Patino, Aritz"]
[Result "1-0"]
[WhiteElo "1969"]
[BlackElo "1643"]
[PlyCount "72"]
[EventDate "2012.12.06"]
[EventType "team"]
[EventRounds "6"]
[EventCountry "ESP"]
[WhiteTeam "C. PENYA ESCACS CERDANYOLA"]
[BlackTeam "C.A. GROS XAKE TALDEA"]

1. e4 c5 2. Nf3 e6 3. d3 Nc6 4. g3 Nf6 5. Bg2 d5 6. e5 Nd7 7. Bf4 Be7 8. h4 b5
9. O-O Bb7 10. Nbd2 Nb6 11. Re1 d4 12. Ne4 Qd7 13. Bg5 Bf8 14. h5 h6 15. Bh4
Nc8 16. Qd2 Qc7 17. Qf4 Nb4 18. Re2 Nd5 19. Qg4 Nde7 20. Bxe7 Qxe7 21. Nfd2 Qc7
22. a4 bxa4 23. Nc4 Bxe4 24. Bxe4 Rb8 25. Rxa4 Nb6 26. Nxb6 axb6 27. f4 b5 28.
Ra6 Rb6 29. Ra8+ Rb8 30. Rxb8+ Qxb8 31. f5 Qc8 32. fxe6 Qxe6 33. Bf5 Qd5 34. e6
f6 35. e7 Bxe7 36. Qxg7 Kd8 1-0

[Event "V Campeonato de España de Ajedrez por E"]
[Site "Gran Hotel Bali, Benidorm"]
[Date "2012.12.06"]
[Round "1"]
[White "Jauregi Barandiaran, Jon"]
[Black "Sanchez Canales, Pol"]
[Result "0-1"]
[WhiteElo "1595"]
[BlackElo "1805"]
[PlyCount "74"]
[EventDate "2012.12.06"]
[EventType "team"]
[EventRounds "6"]
[EventCountry "ESP"]
[WhiteTeam "C.A. GROS XAKE TALDEA"]
[BlackTeam "C. PENYA ESCACS CERDANYOLA"]

1. e4 c5 2. c3 d5 3. exd5 Qxd5 4. d4 cxd4 5. cxd4 Nc6 6. Nf3 Bf5 7. Nc3 Qd6 8.
Bd3 Bxd3 9. Qxd3 e6 10. O-O Nf6 11. Bg5 Be7 12. Rac1 O-O 13. Rfd1 h6 14. Bh4
Rfd8 15. Bg3 Qd7 16. Ne5 Qxd4 17. Qb5 Qc5 18. Nxc6 Qxc6 19. Qxc6 bxc6 20. Na4
c5 21. h3 Rxd1+ 22. Rxd1 Nd5 23. Rc1 Rc8 24. b3 Nb6 25. Nb2 Rd8 26. Nc4 f6 27.
Na5 Rc8 28. Nc4 e5 29. f3 Kf7 30. Bf2 Ke6 31. Kf1 Nd5 32. g3 Nb4 33. a3 Nc6 34.
Rc3 Nd4 35. Nd2 f5 36. b4 Nb5 37. Re3 c4 0-1

[Event "V Campeonato de España de Ajedrez por E"]
[Site "Gran Hotel Bali, Benidorm"]
[Date "2012.12.06"]
[Round "1"]
[White "Castellanos Gomez, Alejandro"]
[Black "Suarez Gomez, Julio"]
[Result "0-1"]
[WhiteElo "1743"]
[BlackElo "2093"]
[PlyCount "86"]
[EventDate "2012.12.06"]
[EventType "team"]
[EventRounds "6"]
[EventCountry "ESP"]
[WhiteTeam "A.D.COIMBRA JUMILLA CADETE"]
[BlackTeam "C.X.F. VIAJES INTERRIAS SANXENXO"]

1. d4 d5 2. c4 e6 3. Nc3 Nf6 4. Bg5 Nbd7 5. e3 c6 6. Nf3 Qa5 7. Qc2 Ne4 8. cxd5
exd5 9. Bd3 Nxg5 10. Nxg5 h6 11. Nf3 Bd6 12. O-O Nf6 13. Rfe1 O-O 14. h3 Re8
15. Re2 Bd7 16. Rae1 Re7 17. Nd2 Rae8 18. a3 Qd8 19. e4 dxe4 20. Ncxe4 Nxe4 21.
Nxe4 Bb8 22. Qd2 f5 23. Nf6+ gxf6 24. Qxh6 Rxe2 25. Bc4+ R2e6 26. Qg6+ Kf8 27.
Qh6+ Ke7 28. Qg7+ Kd6 29. Qg3+ Re5 30. dxe5+ Rxe5 31. Rd1+ Kc7 32. Be6 Kc8 33.
Bxd7+ Qxd7 34. Qb3 Qe6 35. Qb4 Qe7 36. Qd2 Bc7 37. Kf1 Rd5 38. Qc2 Qe4 39. Qb3
Rxd1+ 40. Qxd1 b6 41. Qb3 Kb7 42. Qc3 Be5 43. Qb3 Qb1+ 0-1

[Event "V Campeonato de España de Ajedrez por E"]
[Site "Gran Hotel Bali, Benidorm"]
[Date "2012.12.06"]
[Round "1"]
[White "Segura Santos, Luis"]
[Black "Piqueras Guardiola, Francisco"]
[Result "0-1"]
[WhiteElo "1955"]
[BlackElo "1730"]
[PlyCount "66"]
[EventDate "2012.12.06"]
[EventType "team"]
[EventRounds "6"]
[EventCountry "ESP"]
[WhiteTeam "C.X.F. VIAJES INTERRIAS SANXENXO"]
[BlackTeam "A.D.COIMBRA JUMILLA CADETE"]

1. d4 Nf6 2. Nf3 e6 3. Bg5 d5 4. e3 Be7 5. Nbd2 Nbd7 6. Bd3 O-O 7. c3 b6 8. Ne5
Nxe5 9. dxe5 Nd7 10. Bf4 Nc5 11. Bc2 Ba6 12. Nb3 Na4 13. Qg4 Nxb2 14. Bh6 g6
15. Bxf8 Qxf8 16. Nc1 Qg7 17. Qg3 Rd8 18. f4 Qh6 19. Qf3 Bc5 20. Nb3 Qf8 21.
Nd4 Ba3 22. Ne2 Qc5 23. Kf2 Bxe2 24. Qxe2 Qxc3 25. h4 d4 26. Be4 dxe3+ 27. Kf3
Nc4 28. Qc2 Nd2+ 29. Kg4 Nxe4 30. Qxe4 h5+ 31. Kg5 Kg7 32. f5 exf5 33. Qf3 Rd4
0-1

[Event "V Campeonato de España de Ajedrez por E"]
[Site "Gran Hotel Bali, Benidorm"]
[Date "2012.12.06"]
[Round "1"]
[White "Gonzalez Gomez, Pedro Daniel"]
[Black "Abal Cores, Lucas"]
[Result "0-1"]
[WhiteElo "1537"]
[BlackElo "1965"]
[PlyCount "85"]
[EventDate "2012.12.06"]
[EventType "team"]
[EventRounds "6"]
[EventCountry "ESP"]
[WhiteTeam "A.D.COIMBRA JUMILLA CADETE"]
[BlackTeam "C.X.F. VIAJES INTERRIAS SANXENXO"]

1. e4 e5 2. Nf3 Nf6 3. Nxe5 d6 4. Nf3 Nxe4 5. Qe2 Qe7 6. d3 Nf6 7. Bg5 Be6 8.
Nc3 c6 9. O-O-O Nbd7 10. h3 h6 11. Bf4 Nb6 12. g4 O-O-O 13. Bg2 Qd7 14. Be3 Qc7
15. Qd2 Nfd5 16. Bf4 Nxf4 17. Qxf4 g5 18. Qd4 Rg8 19. Qe3 Bg7 20. Nd4 Rge8 21.
Nxe6 Rxe6 22. Qd2 d5 23. Rde1 Be5 24. Ne2 Rde8 25. Rhf1 Qe7 26. Bf3 Bf4 27.
Nxf4 Rxe1+ 28. Rxe1 Qxe1+ 29. Qxe1 Rxe1+ 30. Kd2 Rb1 31. Ne2 Rxb2 32. Nd4 Rxa2
33. Nf5 Kd7 34. Nxh6 Ke6 35. Bd1 a5 36. f4 f6 37. Kc3 Ra1 38. Kd2 a4 39. Bf3 a3
40. Kc3 a2 41. f5+ Ke7 42. Kb2 Rf1 43. Kb3 0-1

[Event "V Campeonato de España de Ajedrez por E"]
[Site "Gran Hotel Bali, Benidorm"]
[Date "2012.12.06"]
[Round "1"]
[White "Bayon Rolo, Juan Andres"]
[Black "Perez Hernandez, Juan S"]
[Result "1/2-1/2"]
[WhiteElo "1637"]
[BlackElo "1497"]
[PlyCount "75"]
[EventDate "2012.12.06"]
[EventType "team"]
[EventRounds "6"]
[EventCountry "ESP"]
[WhiteTeam "C.X.F. VIAJES INTERRIAS SANXENXO"]
[BlackTeam "A.D.COIMBRA JUMILLA CADETE"]

1. d4 d5 2. Nf3 Nf6 3. Bf4 e6 4. e3 Be7 5. Bd3 O-O 6. O-O b6 7. Nbd2 Bb7 8. Ne5
Nbd7 9. Ndf3 c5 10. c3 h6 11. Bb5 Rc8 12. Rc1 a6 13. Ba4 cxd4 14. cxd4 b5 15.
Bc2 Ne4 16. Nxd7 Qxd7 17. Ne5 Qd8 18. Qd3 f5 19. Ng6 Re8 20. Nxe7+ Qxe7 21. f3
Nd6 22. Bxd6 Qxd6 23. f4 Rc7 24. Bb1 Rec8 25. Qd2 Qe7 26. a3 Qd6 27. b4 Rc6 28.
Rc5 Kf7 29. Rfc1 R8c7 30. Qe2 g6 31. Kf2 Rc8 32. Ke1 Qe7 33. Kd2 Qh4 34. g3 Qe7
35. Kd3 Qd7 36. Qc2 Ke7 37. Qg2 Kf7 38. g4 1/2-1/2

[Event "V Campeonato de España de Ajedrez por E"]
[Site "Gran Hotel Bali, Benidorm"]
[Date "2012.12.06"]
[Round "1"]
[White "Nieves Cabanes, Javier"]
[Black "Bernal Gomez, Alejandro"]
[Result "1-0"]
[WhiteElo "2036"]
[BlackElo "1878"]
[PlyCount "59"]
[EventDate "2012.12.06"]
[EventType "team"]
[EventRounds "6"]
[EventCountry "ESP"]
[WhiteTeam "CLUB AJEDREZ EVA-MANISES"]
[BlackTeam "C. A. SANTA ANA SIGLO XXI"]

1. d4 Nf6 2. c4 e6 3. Nc3 Bb4 4. e3 c5 5. Bd3 Nc6 6. Nf3 Bxc3+ 7. bxc3 b6 8. e4
d6 9. Bf4 Qc7 10. Bxd6 Qxd6 11. e5 Qe7 12. exf6 Qxf6 13. Be4 Bd7 14. Ne5 Nxe5
15. Bxa8 Nc6 16. O-O O-O 17. Bxc6 Bxc6 18. Qd3 Rd8 19. Rfd1 Ba4 20. Rd2 Qg5 21.
Qe3 Qf5 22. dxc5 Rxd2 23. Qxd2 Qxc5 24. Qd4 Qc7 25. c5 Bc6 26. Rd1 h6 27. Qd8+
Qxd8 28. Rxd8+ Kh7 29. Rd6 Bd5 30. Rxd5 1-0

[Event "V Campeonato de España de Ajedrez por E"]
[Site "Gran Hotel Bali, Benidorm"]
[Date "2012.12.06"]
[Round "1"]
[White "Romano Garcia, Ivan"]
[Black "Nieves Cabanes, Jose Manuel"]
[Result "0-1"]
[WhiteElo "1611"]
[BlackElo "1961"]
[PlyCount "74"]
[EventDate "2012.12.06"]
[EventType "team"]
[EventRounds "6"]
[EventCountry "ESP"]
[WhiteTeam "C. A. SANTA ANA SIGLO XXI"]
[BlackTeam "CLUB AJEDREZ EVA-MANISES"]

1. e4 c6 2. d4 d5 3. e5 Bf5 4. Bd3 Bxd3 5. Qxd3 e6 6. Nf3 Nd7 7. O-O Ne7 8. Nc3
Ng6 9. Ng5 Be7 10. Qg3 Qb6 11. Ne2 c5 12. c3 h6 13. Nh3 O-O-O 14. Nhf4 Nxf4 15.
Nxf4 Rdg8 16. Be3 h5 17. Nd3 c4 18. Nb4 g5 19. Rfc1 Rh7 20. Rab1 g4 21. Bf4
Bxb4 22. cxb4 Qxd4 23. b3 h4 24. Qe3 Qxe3 25. Bxe3 Nxe5 26. bxc4 Nxc4 27. Bxa7
Kd7 28. Rb3 b6 29. Rd3 Kc6 30. a4 Ra8 31. b5+ Kb7 32. Bxb6 Kxb6 33. Rd4 f5 34.
Re1 Kc5 35. Rd2 Nxd2 36. Rxe6 Rxa4 37. b6 Ra1+ 0-1

[Event "V Campeonato de España de Ajedrez por E"]
[Site "Gran Hotel Bali, Benidorm"]
[Date "2012.12.06"]
[Round "1"]
[White "Vera Juan, Andreu"]
[Black "Roldan Marques, Daniel"]
[Result "1-0"]
[WhiteElo "1830"]
[BlackElo "1573"]
[PlyCount "51"]
[EventDate "2012.12.06"]
[EventType "team"]
[EventRounds "6"]
[EventCountry "ESP"]
[WhiteTeam "CLUB AJEDREZ EVA-MANISES"]
[BlackTeam "C. A. SANTA ANA SIGLO XXI"]

1. e4 e5 2. Nf3 Nc6 3. Nc3 Nf6 4. d4 exd4 5. Nxd4 Bb4 6. Nxc6 Bxc3+ 7. bxc3
dxc6 8. Qxd8+ Kxd8 9. f3 b6 10. Bc4 Ke7 11. Bf4 Ne8 12. O-O-O Nd6 13. Bb3 Be6
14. e5 Nb7 15. Bg5+ Ke8 16. Bxe6 fxe6 17. Rd4 h6 18. Bh4 g5 19. Bg3 Ke7 20. h4
Raf8 21. Rg4 gxh4 22. Bxh4+ Kd7 23. Bf6 h5 24. Rd4+ Kc8 25. Bxh8 Rxh8 26. Rdh4
1-0

[Event "V Campeonato de España de Ajedrez por E"]
[Site "Gran Hotel Bali, Benidorm"]
[Date "2012.12.06"]
[Round "1"]
[White "Oliva Burgos, Ignacio"]
[Black "Pino Fernandez, David"]
[Result "0-1"]
[WhiteElo "1368"]
[BlackElo "1804"]
[PlyCount "52"]
[EventDate "2012.12.06"]
[EventType "team"]
[EventRounds "6"]
[EventCountry "ESP"]
[WhiteTeam "C. A. SANTA ANA SIGLO XXI"]
[BlackTeam "CLUB AJEDREZ EVA-MANISES"]

1. d4 Nf6 2. c4 e6 3. Nc3 Bb4 4. Bd2 c5 5. e3 d6 6. Nf3 Nc6 7. a3 Bxc3 8. Bxc3
Ne4 9. Qc2 Nxc3 10. Qxc3 O-O 11. Bd3 e5 12. O-O Bg4 13. d5 Bxf3 14. gxf3 Ne7
15. Kh1 f5 16. Rg1 f4 17. exf4 Rxf4 18. Rg3 Nf5 19. Bxf5 Rxf5 20. Rag1 g6 21.
Qd3 Qf6 22. Rh3 Rf8 23. Rgg3 Rf4 24. Rh6 Qf5 25. Qxf5 R8xf5 26. h4 Kg7 0-1

[Event "V Campeonato de España de Ajedrez por E"]
[Site "Gran Hotel Bali, Benidorm"]
[Date "2012.12.06"]
[Round "2"]
[White "Vinuela Diaz, Saul"]
[Black "Bru Rullo, Llatzer"]
[Result "1/2-1/2"]
[WhiteElo "1935"]
[BlackElo "2073"]
[PlyCount "147"]
[EventDate "2012.12.06"]
[EventType "team"]
[EventRounds "6"]
[EventCountry "ESP"]
[WhiteTeam "GRUPO 64"]
[BlackTeam "C. PENYA ESCACS CERDANYOLA"]

1. d4 d5 2. Bf4 Nf6 3. e3 e6 4. c3 Bd6 5. Bg3 b6 6. Nd2 O-O 7. Bd3 c5 8. Ngf3
cxd4 9. exd4 Ba6 10. Bxa6 Nxa6 11. Bxd6 Qxd6 12. O-O Nb8 13. Ne5 Nc6 14. Qe2
Nd7 15. Ndf3 Rab8 16. Nd3 b5 17. b4 Rfe8 18. Rfe1 f6 19. Nc5 e5 20. Qb2 Nb6 21.
Rad1 Nc4 22. Qb3 a5 23. a3 axb4 24. axb4 Ra8 25. dxe5 N6xe5 26. Nd4 Qb6 27. Qc2
Nc6 28. Qf5 N6e5 29. Nde6 Nd6 30. Qh3 Ne4 31. Rxd5 Nxc5 32. Nxc5 Nf3+ 33. gxf3
Rxe1+ 34. Kg2 Qc6 35. Rd7 Re5 36. Ne4 f5 37. Qg3 Qg6 38. Qxg6 hxg6 39. Nc5 Re1
40. Rb7 Ra3 41. Rxb5 Rxc3 42. Rb8+ Kh7 43. Nd7 Rc6 44. b5 Rd6 45. Nf8+ Kh6 46.
b6 Kg5 47. b7 Rb1 48. Kg3 Rg1+ 49. Kh3 Rd3 50. Ne6+ Kf6 51. Rf8+ Kxe6 52. b8=Q
Rxf3+ 53. Qg3 Rgxg3+ 54. fxg3 Ke7 55. Ra8 Kf6 56. Ra6+ Kg5 57. Kg2 Rb3 58. Ra2
Kh5 59. h3 g5 60. Rf2 Kg6 61. Kh2 Rb4 62. Kg2 f4 63. Ra2 Rb3 64. Ra6+ Kh5 65.
gxf4 gxf4 66. Ra8 Rg3+ 67. Kh2 g5 68. Rf8 Rb3 69. Kg2 Kg6 70. h4 Rg3+ 71. Kf2
gxh4 72. Rxf4 Kg5 73. Rf3 Rg4 74. Ra3 {[%cl

[Event "V Campeonato de España de Ajedrez por E"]
[Site "Gran Hotel Bali, Benidorm"]
[Date "2012.12.06"]
[Round "2"]
[White "Runza Rodriguez, David"]
[Black "Garcia Acosta, Roger"]
[Result "0-1"]
[WhiteElo "1596"]
[BlackElo "1982"]
[PlyCount "68"]
[EventDate "2012.12.06"]
[EventType "team"]
[EventRounds "6"]
[EventCountry "ESP"]
[WhiteTeam "GRUPO 64"]
[BlackTeam "C. PENYA ESCACS CERDANYOLA"]

1. e4 e5 2. f4 exf4 3. Nf3 Be7 4. Bc4 Bh4+ 5. Ke2 d6 6. d4 Bg4 7. Bxf4 Nc6 8.
c3 Qe7 9. Nbd2 O-O-O 10. g3 Bf6 11. Kf2 g5 12. Be3 h5 13. Qc2 Nh6 14. Rae1 Bh3
15. Bf1 Ng4+ 16. Kg1 Nxe3 17. Bxh3+ g4 18. Rxe3 gxh3 19. d5 Ne5 20. Nd4 Bg5 21.
Re2 Ng4 22. Nf5 Qf6 23. Nf3 Rdg8 24. Nxg5 Rxg5 25. Nh4 Re8 26. Nf5 Qe5 27. Nd4
Qe7 28. Nf3 Rxd5 29. c4 Ra5 30. Qb3 f5 31. Nd2 fxe4 32. Rxe4 Re5 33. Rxe5 Qxe5
34. Qd1 Rh8 0-1

[Event "V Campeonato de España de Ajedrez por E"]
[Site "Gran Hotel Bali, Benidorm"]
[Date "2012.12.06"]
[Round "2"]
[White "Garcia Playa, David"]
[Black "Yanes Crespo, Javier"]
[Result "1/2-1/2"]
[WhiteElo "1969"]
[BlackElo "1620"]
[PlyCount "140"]
[EventDate "2012.12.06"]
[EventType "team"]
[EventRounds "6"]
[EventCountry "ESP"]
[WhiteTeam "C. PENYA ESCACS CERDANYOLA"]
[BlackTeam "GRUPO 64"]

1. e4 d5 2. exd5 Qxd5 3. Nc3 Qd6 4. d4 Nf6 5. Nf3 a6 6. Ne5 Nc6 7. Nxc6 Qxc6 8.
Bf4 e6 9. a3 Bd6 10. Bxd6 Qxd6 11. Be2 Bd7 12. O-O O-O 13. Bf3 Bc6 14. Bxc6
Qxc6 15. Ne2 Rad8 16. c3 Qe4 17. Ng3 Qf4 18. Qb3 Rd6 19. Rad1 Rb6 20. Qc2 Rd6
21. Rfe1 Rfd8 22. h3 h6 23. Ne2 Qe4 24. Qxe4 Nxe4 25. Nc1 Nf6 26. Nd3 b6 27.
Nb4 a5 28. Nc2 b5 29. Kf1 c5 30. Ke2 c4 31. Kd2 Nd5 32. g3 Rb8 33. Ne3 a4 34.
Nxd5 Rxd5 35. Re4 Rbd8 36. Rde1 Rf5 37. R1e2 g6 38. Re5 Rxe5 39. Rxe5 Rd5 40.
Ke3 Kf8 41. Ke4 f5+ 42. Ke3 Ke7 43. f4 Kf6 44. Kf3 Rxe5 45. dxe5+ Ke7 46. g4
Kd7 47. Kg3 Ke7 48. Kh4 Kf7 49. Kg3 Ke7 50. Kg2 Kf7 51. Kf2 Ke7 52. Ke2 Kd7 53.
Ke3 Kc7 54. gxf5 gxf5 55. Kf3 Kd7 56. Kg3 Ke7 57. Kf3 Kd7 58. Kg3 Ke8 59. Kf3
Kd8 60. Kg3 Ke8 61. Kf2 Ke7 62. Kf3 Ke8 63. Ke3 Kd7 64. Kf3 Ke7 65. Kf2 Ke8 66.
Kf3 Ke7 67. Kf2 Kd8 68. Kf3 Ke8 69. Ke2 Ke7 70. Kf3 Ke8 1/2-1/2

[Event "V Campeonato de España de Ajedrez por E"]
[Site "Gran Hotel Bali, Benidorm"]
[Date "2012.12.06"]
[Round "2"]
[White "Suarez Gomez, Julio"]
[Black "Gomez Dieguez, Adrian"]
[Result "1/2-1/2"]
[WhiteElo "2093"]
[BlackElo "1852"]
[PlyCount "51"]
[EventDate "2012.12.06"]
[EventType "team"]
[EventRounds "6"]
[EventCountry "ESP"]
[WhiteTeam "C.X.F. VIAJES INTERRIAS SANXENXO"]
[BlackTeam "CLUB XADREZ OURENSE"]

1. e4 e5 2. Nf3 Nc6 3. d4 exd4 4. Bc4 Nf6 5. e5 d5 6. Bb5 Ne4 7. Nxd4 Bc5 8.
O-O O-O 9. Bxc6 bxc6 10. Nxc6 Qd7 11. Nd4 Qe7 12. Bf4 Ba6 13. Re1 Rab8 14. f3
Nf2 15. Kxf2 Qh4+ 16. g3 Qxh2+ 17. Ke3 g5 18. c3 gxf4+ 19. gxf4 Qxb2 20. Rh1
Kh8 21. Rxh7+ Kxh7 22. Qh1+ Kg7 23. Qg1+ Kh7 24. Qh1+ Kg7 25. Qg1+ Kh7 26. Qh1+
1/2-1/2

[Event "V Campeonato de España de Ajedrez por E"]
[Site "Gran Hotel Bali, Benidorm"]
[Date "2012.12.06"]
[Round "2"]
[White "Vazquez Gomez, David"]
[Black "Segura Santos, Luis"]
[Result "0-1"]
[WhiteElo "1704"]
[BlackElo "1955"]
[PlyCount "42"]
[EventDate "2012.12.06"]
[EventType "team"]
[EventRounds "6"]
[EventCountry "ESP"]
[WhiteTeam "CLUB XADREZ OURENSE"]
[BlackTeam "C.X.F. VIAJES INTERRIAS SANXENXO"]

1. e4 c5 2. Nf3 e6 3. d3 d5 4. e5 Ne7 5. h4 Nec6 6. g3 Nd7 7. Qe2 Qc7 8. Bf4
Be7 9. Bg2 b6 10. O-O Bb7 11. Re1 h6 12. c3 O-O-O 13. a3 Rdg8 14. b4 g5 15.
hxg5 hxg5 16. Bd2 g4 17. Nh2 Qxe5 18. Bf4 Qh5 19. Nf1 e5 20. Bd2 e4 21. dxe4
Nce5 0-1

[Event "V Campeonato de España de Ajedrez por E"]
[Site "Gran Hotel Bali, Benidorm"]
[Date "2012.12.06"]
[Round "2"]
[White "Abal Cores, Lucas"]
[Black "Ruiz De Almiron Lomo, Luis"]
[Result "1-0"]
[WhiteElo "1965"]
[BlackElo "1625"]
[PlyCount "51"]
[EventDate "2012.12.06"]
[EventType "team"]
[EventRounds "6"]
[EventCountry "ESP"]
[WhiteTeam "C.X.F. VIAJES INTERRIAS SANXENXO"]
[BlackTeam "CLUB XADREZ OURENSE"]

1. e4 c6 2. d4 g6 3. Nf3 Bg7 4. c3 d5 5. Nbd2 Bg4 6. h3 Bxf3 7. Qxf3 e6 8. Bd3
Ne7 9. O-O O-O 10. Re1 Nd7 11. e5 c5 12. Qf4 Nc6 13. Nf3 Qc7 14. Qh4 h5 15. g4
Qd8 16. Bg5 f6 17. exf6 Bxf6 18. Rxe6 Kg7 19. gxh5 Rh8 20. h6+ Kf7 21. Bxf6
Nxf6 22. Ng5+ Kg8 23. Bxg6 Qd7 24. Rxf6 Qe7 25. h7+ Kg7 26. Ne6+ 1-0

[Event "V Campeonato de España de Ajedrez por E"]
[Site "Gran Hotel Bali, Benidorm"]
[Date "2012.12.06"]
[Round "2"]
[White "Ferreiro Diaz, Miguel"]
[Black "Bayon Rolo, Juan Andres"]
[Result "0-1"]
[WhiteElo "1519"]
[BlackElo "1637"]
[PlyCount "66"]
[EventDate "2012.12.06"]
[EventType "team"]
[EventRounds "6"]
[EventCountry "ESP"]
[WhiteTeam "CLUB XADREZ OURENSE"]
[BlackTeam "C.X.F. VIAJES INTERRIAS SANXENXO"]

1. e4 e5 2. Nf3 Nf6 3. Nxe5 d6 4. Nc4 Nxe4 5. Nc3 Nf6 6. Be2 d5 7. Ne5 d4 8.
Nb1 Bd6 9. Nf3 Be7 10. O-O O-O 11. Bc4 c5 12. Re1 Nc6 13. d3 Bg4 14. Bg5 Qc7
15. Bxf6 Bxf6 16. Nbd2 Ne5 17. Bd5 Rad8 18. Be4 Be7 19. h3 Bxf3 20. Nxf3 Ng6
21. Qd2 f5 22. Ng5 Bxg5 23. Qxg5 fxe4 24. Rxe4 b6 25. Rae1 Qf7 26. f3 Qxa2 27.
b3 Qxc2 28. Re7 Qxd3 29. Rxa7 Qf5 30. Qg3 Rf7 31. Raa1 d3 32. Red1 Re7 33. Ra2
Qf4 0-1

[Event "V Campeonato de España de Ajedrez por E"]
[Site "Gran Hotel Bali, Benidorm"]
[Date "2012.12.06"]
[Round "2"]
[White "Garcia Porlan, Beatriz"]
[Black "Nieves Cabanes, Javier"]
[Result "0-1"]
[WhiteElo "1828"]
[BlackElo "2036"]
[PlyCount "112"]
[EventDate "2012.12.06"]
[EventType "team"]
[EventRounds "6"]
[EventCountry "ESP"]
[WhiteTeam "CLUB DE AJEDREZ LORCA"]
[BlackTeam "CLUB AJEDREZ EVA-MANISES"]

1. e4 c5 2. Nf3 Nc6 3. Bb5 d6 4. Bxc6+ bxc6 5. h3 e5 6. c3 Nf6 7. Qc2 Qc7 8. d4
cxd4 9. cxd4 Bd7 10. Nbd2 exd4 11. Nxd4 Be7 12. b3 O-O 13. O-O Rac8 14. Bb2
Rfe8 15. Rfe1 Bf8 16. Rad1 d5 17. exd5 c5 18. N4f3 Rxe1+ 19. Rxe1 Nxd5 20. Nc4
Qf4 21. Be5 Qf5 22. Qxf5 Bxf5 23. Bd6 Rd8 24. Bxf8 Kxf8 25. Rd1 Ke7 26. Nfe5
Ke6 27. Nc6 Rd7 28. N6e5 Rc7 29. Re1 Kf6 30. g4 Be6 31. Nd6 Kg5 32. Nf3+ Kg6
33. Ne5+ Kh6 34. Kg2 g5 35. Ne4 f6 36. Nc4 Nf4+ 37. Kg3 Kg6 38. Re3 Bd5 39.
Ned6 Rd7 40. Kh2 a5 41. a4 Ne6 42. Kg3 Nd4 43. Rd3 Bxc4 44. Nxc4 Ne2+ 45. Kf3
Rxd3+ 46. Kxe2 Rxb3 47. Nxa5 Ra3 48. f3 Rxa4 49. Nb3 c4 50. Nd4 h5 51. Kd2 Ra3
52. Ke2 h4 53. Nc2 Rb3 54. Ne3 c3 55. Nc2 Rb1 56. Kd3 Rh1 0-1

[Event "V Campeonato de España de Ajedrez por E"]
[Site "Gran Hotel Bali, Benidorm"]
[Date "2012.12.06"]
[Round "2"]
[White "Nieves Cabanes, Jose Manuel"]
[Black "Porlan Minarro, Antonio"]
[Result "1-0"]
[WhiteElo "1961"]
[BlackElo "1643"]
[PlyCount "87"]
[EventDate "2012.12.06"]
[EventType "team"]
[EventRounds "6"]
[EventCountry "ESP"]
[WhiteTeam "CLUB AJEDREZ EVA-MANISES"]
[BlackTeam "CLUB DE AJEDREZ LORCA"]

1. d4 Nf6 2. c4 g6 3. Nc3 d5 4. e3 Bg7 5. Nf3 O-O 6. Bd3 c5 7. O-O cxd4 8. exd4
dxc4 9. Bxc4 Nc6 10. Be3 Na5 11. Bd3 b6 12. Qe2 Bb7 13. Rfe1 Rc8 14. Nb5 a6 15.
Nc3 b5 16. Ne5 Nd5 17. Bd2 Nb4 18. Be4 Qxd4 19. Nf3 Qc5 20. a3 Nbc6 21. b4 Qc4
22. bxa5 Nxa5 23. Bxb7 Nxb7 24. Rac1 e6 25. Qxc4 Rxc4 26. Ne5 Rd4 27. Nb1 Bxe5
28. Rxe5 Rfd8 29. Bc3 Rd3 30. Re3 R3d5 31. Bf6 Rd1+ 32. Re1 Rxe1+ 33. Rxe1 Rd6
34. Rc1 Nd8 35. Nc3 h6 36. Ne4 Rd5 37. f3 Kf8 38. Rc8 Ke8 39. Nc5 Rd6 40. Nb7
Rd1+ 41. Kf2 Rd3 42. Rxd8+ Rxd8 43. Bxd8 Kd7 44. Ba5 1-0

[Event "V Campeonato de España de Ajedrez por E"]
[Site "Gran Hotel Bali, Benidorm"]
[Date "2012.12.06"]
[Round "2"]
[White "Guerrero Mendez, Luis"]
[Black "Vera Juan, Andreu"]
[Result "1/2-1/2"]
[WhiteElo "1577"]
[BlackElo "1830"]
[PlyCount "133"]
[EventDate "2012.12.06"]
[EventType "team"]
[EventRounds "6"]
[EventCountry "ESP"]
[WhiteTeam "CLUB DE AJEDREZ LORCA"]
[BlackTeam "CLUB AJEDREZ EVA-MANISES"]

1. e4 c5 2. Nc3 Nc6 3. g3 e6 4. Bg2 g6 5. d3 Bg7 6. Bd2 Nge7 7. f4 O-O 8. Nf3
d5 9. O-O Rb8 10. Rb1 b5 11. g4 f5 12. gxf5 exf5 13. e5 d4 14. Ne2 Ba6 15. b3
Qd7 16. c4 dxc3 17. Bxc3 b4 18. Ba1 Qxd3 19. Qxd3 Bxd3 20. Rb2 c4 21. bxc4 Bxc4
22. Rc1 Na5 23. Ned4 Bh6 24. Ng5 Bxg5 25. fxg5 Rfd8 26. Rbc2 b3 27. axb3 Bxb3
28. Rc7 Kf8 29. Rxa7 Nc4 30. Ne6+ Ke8 31. Nxd8 Rxd8 32. Ra8 Rxa8 33. Bxa8 Nb6
34. Bg2 Bd5 35. Bd4 Bxg2 36. Kxg2 Nbd5 37. Kf3 Kd7 38. Ra1 Nc6 39. Bb2 Ndb4 40.
Rd1+ Ke7 41. Ba3 Ke8 42. Bxb4 Nxb4 43. Kf4 Ke7 44. h4 Nc6 45. Rd6 Nd8 46. Rf6
Ne6+ 47. Ke3 Nc5 48. Kd4 Ne6+ 49. Kd5 Nf4+ 50. Kc6 Nd3 51. e6 Nf4 52. Rf7+ Kxe6
53. Rxh7 Ng2 54. h5 gxh5 55. g6 Nf4 56. g7 Kf7 57. g8=Q+ Kxg8 58. Re7 h4 59.
Re1 Ng2 60. Rg1 h3 61. Rh1 Kf7 62. Rxh3 Kf6 63. Rg3 Nf4 64. Kd6 Ng6 65. Rf3 f4
66. Rh3 Kf5 67. Kd5 1/2-1/2